Bengkel penulisan laporan pasaran harta 29 Okt -3 Nov 1990 [ an overview of business reporting

Bibliographic Details
Format: Book
Published: Bangi : Inspen , 1990
Subjects:

MARC

LEADER 00000cam a2200000 7i4500
001 0000017853
005 20061130.0
040 |a INS 
090 0 0 |a PE1408 1990 
245 0 0 |a Bengkel penulisan laporan pasaran harta 29 Okt -3 Nov 1990 [  |h video recording] :   |b an overview of business reporting 
260 |a Bangi :   |b Inspen ,   |c 1990 
300 |a 1 Video cassette (VHS) (2:0) :   |b sd.,col. ;   |c 1/2 in. 
650 0 0 |a Report writing 
999 |a VHS262   |b VIDEO   |c Media Collection   |e Default branch